[Event "Moscow Aeroflot op-A"]
[Site "Moscow"]
[Date "2004.02.18"]
[Round "2"]
[White "Aronian, Levon"]
[Black "Iljushin, Alexei"]
[Result "1-0"]
[WhiteElo "2648"]
[BlackElo "2526"]
[PlyCount "93"]
[EventDate "2004.02.17"]
[EventType "swiss"]
[EventRounds "9"]
[EventCountry "RUS"]
[SourceTitle "EXT 2005"]
[Source "ChessBase"]
[SourceDate "2004.11.15"]
[SourceVersion "1"]
[SourceVersionDate "2004.11.15"]
[SourceQuality "1"]

1. c4 c5 2. Nf3 Nc6 3. Nc3 e5 4. g3 g6 5. Bg2 Bg7 6. O-O d6 7. Ne1 Be6 8. d3
Nge7 9. Bg5 h6 10. Bxe7 Qxe7 11. Nc2 O-O 12. Rb1 Rac8 13. Nd5 Qd7 14. b4 Bxd5
15. Bxd5 Ne7 16. Ne3 b6 17. a4 h5 18. Bg2 Bh6 19. Nd5 Nxd5 20. Bxd5 Kg7 21.
bxc5 Rxc5 22. Rb5 Qg4 23. Bf3 Qg5 24. Qa1 Rfc8 25. e3 h4 26. Rfb1 Qf5 27. Be4
Qg4 28. Bg2 Bg5 29. Re1 Bf6 30. Qb1 Qd7 31. Qd1 Bd8 32. Qf3 hxg3 33. hxg3 d5
34. Rd1 d4 35. exd4 Qxd4 36. Qe2 Qd6 37. Bb7 R8c7 38. Bd5 a6 39. Rxc5 Rxc5 40.
Kg2 Bf6 41. Rh1 Qd7 42. Qe3 Kg8 43. a5 Qd6 44. axb6 Qxb6 45. d4 Rc7 46. Qe4
exd4 47. Qe8+ 1-0

[Event "Moscow Aeroflot op-A"]
[Site "Moscow"]
[Date "2004.02.19"]
[Round "3"]
[White "Stefansson, Hannes"]
[Black "Aronian, Levon"]
[Result "1/2-1/2"]
[WhiteElo "2572"]
[BlackElo "2648"]
[PlyCount "53"]
[EventDate "2004.02.17"]
[EventType "swiss"]
[EventRounds "9"]
[EventCountry "RUS"]
[SourceTitle "CBM 100"]
[Source "ChessBase"]
[SourceDate "2004.06.01"]
[SourceVersion "1"]
[SourceVersionDate "2004.06.01"]
[SourceQuality "1"]

1. d4 Nf6 2. c4 e6 3. Nc3 Bb4 4. Qc2 O-O 5. a3 Bxc3+ 6. Qxc3 b6 7. Bg5 Bb7 8.
e3 d6 9. f3 Nbd7 10. Bd3 Rc8 11. Ne2 c5 12. Qd2 cxd4 13. exd4 Ba6 14. Rc1 d5
15. cxd5 Bxd3 16. Qxd3 Rxc1+ 17. Nxc1 h6 18. Bxf6 Nxf6 19. dxe6 Re8 20. Kf2
Rxe6 21. Re1 Rxe1 22. Kxe1 Qc7 23. Qc3 Qxh2 24. Kf2 g5 25. Ne2 Qh4+ 26. Kg1
Qh2+ 27. Kf2 1/2-1/2

[Event "Moscow Aeroflot op-A"]
[Site "Moscow"]
[Date "2004.02.25"]
[Round "9"]
[White "Timoshenko, Georgy"]
[Black "Aronian, Levon"]
[Result "1/2-1/2"]
[WhiteElo "2564"]
[BlackElo "2648"]
[PlyCount "114"]
[EventDate "2004.02.17"]
[EventType "swiss"]
[EventRounds "9"]
[EventCountry "RUS"]
[SourceTitle "CBM 100"]
[Source "ChessBase"]
[SourceDate "2004.06.01"]
[SourceVersion "1"]
[SourceVersionDate "2004.06.01"]
[SourceQuality "1"]

1. e4 e5 2. Nf3 Nc6 3. Bb5 a6 4. Ba4 Nf6 5. O-O Be7 6. Re1 b5 7. Bb3 O-O 8. h3
Bb7 9. d3 d6 10. a3 Na5 11. Ba2 c5 12. Nbd2 Bc8 13. c3 Be6 14. Bxe6 fxe6 15. d4
Nc6 16. dxc5 dxc5 17. a4 Qd7 18. Qe2 Rab8 19. Nf1 Qc8 20. N1h2 Nd7 21. axb5
axb5 22. Be3 c4 23. Nd2 Bc5 24. Nhf3 Qc7 25. b3 Bxe3 26. Qxe3 Na5 27. bxc4 bxc4
28. Ra2 Rb7 29. Qg5 Nb3 30. Ra4 Nbc5 31. Rxc4 Nb6 32. Rxc5 Qxc5 33. Qxe5 Qxe5
34. Nxe5 Nd7 35. Nxd7 Rxd7 36. Nf3 Rc8 37. Re3 Rd1+ 38. Kh2 Rf1 39. Kg3 Rc1 40.
Nd4 R1xc3 41. Rxc3 Rxc3+ 42. f3 Kf7 43. h4 Kf6 44. Ne2 Ra3 45. Nf4 Ke5 46. Nh3
Ra6 47. Ng5 h6 48. Nh3 Kd4 49. Nf4 Ke3 50. Ng6 Kd4 51. Nf4 Ke5 52. Ng6+ Kf6 53.
Nf4 Ra2 54. Nh5+ Kf7 55. Nf4 Kf6 56. Nh5+ Kf7 57. Nf4 Kf6 1/2-1/2

[Event "GER-ch Internet g/5'"]
[Site "Playchess.com INT"]
[Date "2004.02.29"]
[Round "1"]
[White "Aronian, Levon"]
[Black "Bischoff, Klaus"]
[Result "1/2-1/2"]
[WhiteElo "2648"]
[BlackElo "2561"]
[PlyCount "129"]
[EventDate "2004.02.29"]
[EventType "tourn (blitz)"]
[EventRounds "22"]
[EventCountry "GER"]
[EventCategory "10"]
[SourceTitle "CBM 099 Extra"]
[Source "ChessBase"]
[SourceDate "2004.05.04"]
[SourceVersion "1"]
[SourceVersionDate "2004.05.04"]
[SourceQuality "1"]

1. d4 e6 2. Nf3 Nf6 3. c4 b6 4. g3 Ba6 5. Qb3 Bb7 6. Nc3 Nc6 7. Qd1 Bb4 8. Qd3
O-O 9. Bg2 d5 10. O-O Ne7 11. Bg5 Ng6 12. cxd5 exd5 13. Ne5 Be7 14. Rac1 c6 15.
Rfd1 Nd7 16. Bxe7 Qxe7 17. Nxg6 hxg6 18. e4 dxe4 19. Qxe4 Qd6 20. Qh4 Nf6 21.
a3 Rad8 22. b4 Bc8 23. Ne4 Nxe4 24. Qxe4 Bd7 25. d5 c5 26. bxc5 bxc5 27. Rd2
Rb8 28. Qe3 Rfc8 29. Rdc2 Rb5 30. h4 Bf5 31. Rc3 Kf8 32. Qd2 a5 33. Qe2 Bd7 34.
Qe3 a4 35. Rc4 Rb3 36. R4c3 c4 37. Qd4 Rxa3 38. Rxa3 Qxa3 39. Rxc4 Rxc4 40.
Qxc4 Qd6 41. Qc3 a3 42. Qa5 Kg8 43. Be4 Bf5 44. Bxf5 gxf5 45. Kg2 g6 46. Qa8+
Kg7 47. Qa5 Qe7 48. Qc3+ Kh7 49. Qa5 Qe4+ 50. Kh2 Qc2 51. Qa7 Kg7 52. d6 Qd2
53. d7 a2 54. d8=Q Qxd8 55. Qxa2 Qd4 56. Qe2 Qe4 57. Qd2 Qe5 58. Qd3 Qe4 59.
Qd2 Qc4 60. Qe3 Qd5 61. Qg5 Qf3 62. Qd2 Qe4 63. Qb2+ Kg8 64. Qc3 Qe2 65. Qd4
1/2-1/2

[Event "GER-ch Internet g/5'"]
[Site "Playchess.com INT"]
[Date "2004.02.29"]
[Round "2"]
[White "Naiditsch, Arkadij"]
[Black "Aronian, Levon"]
[Result "1/2-1/2"]
[WhiteElo "2576"]
[BlackElo "2648"]
[PlyCount "121"]
[EventDate "2004.02.29"]
[EventType "tourn (blitz)"]
[EventRounds "22"]
[EventCountry "GER"]
[EventCategory "10"]
[SourceTitle "CBM 099 Extra"]
[Source "ChessBase"]
[SourceDate "2004.05.04"]
[SourceVersion "1"]
[SourceVersionDate "2004.05.04"]
[SourceQuality "1"]

1. e4 e5 2. Nf3 Nc6 3. Bb5 Nf6 4. d3 Bc5 5. O-O d6 6. c3 O-O 7. a4 a6 8. Bxc6
bxc6 9. Be3 Bb6 10. Nbd2 Rb8 11. Bxb6 cxb6 12. h3 Be6 13. d4 Qc7 14. Ng5 Rfe8
15. f4 h6 16. Nxe6 Rxe6 17. Qf3 Rbe8 18. Rae1 b5 19. axb5 axb5 20. g4 Qa7 21.
Qd3 exf4 22. Rxf4 d5 23. e5 Rxe5 24. Rxe5 Rxe5 25. Nf3 Qa1+ 26. Qf1 Qxf1+ 27.
Kxf1 Re6 28. Ne5 g5 29. Rf5 Ne4 30. Kg2 f6 31. Nd7 Kf7 32. Rf1 Ke7 33. Nb8 Kd6
34. Na6 Re8 35. Nb4 Ra8 36. Rd1 Kc7 37. Rf1 Kb7 38. Re1 Rf8 39. Rf1 Rh8 40. h4
gxh4 41. Rf5 Rg8 42. Kh3 Rg5 43. Kxh4 Rxf5 44. gxf5 Nd6 45. Kh5 Nxf5 46. Kg6
Ne3 47. Kxh6 Kb6 48. Kg6 f5 49. Kg5 c5 50. dxc5+ Kxc5 51. Kf4 d4 52. Nd3+ Kd5
53. cxd4 Kxd4 54. Nb4 Kc4 55. Nc6 Kd3 56. Na7 b4 57. Nc6 b3 58. Na5 Nc4 59.
Nxb3 Nxb2 60. Kxf5 Kc2 61. Ke6 1/2-1/2

[Event "GER-ch Internet g/5'"]
[Site "Playchess.com INT"]
[Date "2004.02.29"]
[Round "3"]
[White "Aronian, Levon"]
[Black "Zaragatski, Ilja"]
[Result "1-0"]
[WhiteElo "2648"]
[BlackElo "2303"]
[PlyCount "87"]
[EventDate "2004.02.29"]
[EventType "tourn (blitz)"]
[EventRounds "22"]
[EventCountry "GER"]
[EventCategory "10"]
[SourceTitle "CBM 099 Extra"]
[Source "ChessBase"]
[SourceDate "2004.05.04"]
[SourceVersion "1"]
[SourceVersionDate "2004.05.04"]
[SourceQuality "1"]

1. d4 d5 2. c4 Nc6 3. Nf3 Bg4 4. Nc3 e6 5. cxd5 exd5 6. Bf4 Bd6 7. Bg3 Nf6 8.
e3 O-O 9. Rc1 Ne7 10. Qb3 Bxf3 11. gxf3 c6 12. Qxb7 Rb8 13. Qxa7 Rxb2 14. Bd3
Bb4 15. O-O Qa8 16. Qxa8 Rxa8 17. Bb1 Ne8 18. e4 Nd6 19. Nd1 Rd2 20. Ne3 Nb5
21. Nc2 Bc3 22. Rcd1 Nxd4 23. Nxd4 Rxd4 24. Bd6 Ng6 25. Rc1 Bb4 26. Bg3 dxe4
27. fxe4 c5 28. Kh1 h5 29. f4 Bd2 30. Rxc5 Bxf4 31. Rd5 Rb4 32. Rxh5 Bxg3 33.
hxg3 f6 34. e5 Nxe5 35. Bh7+ Kf7 36. Rxe5 Rh8 37. Rh5 g6 38. Bxg6+ Kg7 39. Rxh8
Kxh8 40. Bc2 Kg7 41. Bb3 Rd4 42. Kg2 Rd2+ 43. Rf2 Rb2 44. Rxb2 1-0

[Event "GER-ch Internet g/5'"]
[Site "Playchess.com INT"]
[Date "2004.02.29"]
[Round "4"]
[White "Aronian, Levon"]
[Black "Mutschnik, Illya"]
[Result "1-0"]
[WhiteElo "2648"]
[BlackElo "2410"]
[PlyCount "87"]
[EventDate "2004.02.29"]
[EventType "tourn (blitz)"]
[EventRounds "22"]
[EventCountry "GER"]
[EventCategory "10"]
[SourceTitle "CBM 099 Extra"]
[Source "ChessBase"]
[SourceDate "2004.05.04"]
[SourceVersion "1"]
[SourceVersionDate "2004.05.04"]
[SourceQuality "1"]

1. e4 c5 2. Nc3 Nc6 3. Bb5 Nd4 4. Ba4 g6 5. Nf3 Bg7 6. O-O Nxf3+ 7. Qxf3 e6 8.
d4 cxd4 9. Nb5 Qb6 10. c3 Ne7 11. Nxd4 O-O 12. Rd1 d5 13. exd5 Nxd5 14. Bb3 Rd8
15. Bg5 f6 16. Be3 Nxe3 17. Qxe3 Re8 18. Re1 Kf7 19. Re2 f5 20. Rae1 Bxd4 21.
cxd4 Qd6 22. d5 e5 23. Qg3 Bd7 24. Rxe5 Rxe5 25. Rxe5 Kg7 26. h4 Re8 27. f4 Rc8
28. Qe3 Rf8 29. Qxa7 b6 30. Qa3 Qxa3 31. bxa3 Re8 32. Rxe8 Bxe8 33. Kf2 Kf6 34.
d6 Bc6 35. g3 h6 36. Ke3 g5 37. hxg5+ hxg5 38. fxg5+ Kxg5 39. Be6 Kf6 40. d7
Ke7 41. Bxf5 Bxd7 42. Bxd7 Kxd7 43. Kd4 Ke6 44. Kc4 1-0

[Event "GER-ch Internet g/5'"]
[Site "Playchess.com INT"]
[Date "2004.02.29"]
[Round "5"]
[White "Huebner, Robert"]
[Black "Aronian, Levon"]
[Result "1/2-1/2"]
[WhiteElo "2604"]
[BlackElo "2648"]
[PlyCount "74"]
[EventDate "2004.02.29"]
[EventType "tourn (blitz)"]
[EventRounds "22"]
[EventCountry "GER"]
[EventCategory "10"]
[SourceTitle "CBM 099 Extra"]
[Source "ChessBase"]
[SourceDate "2004.05.04"]
[SourceVersion "1"]
[SourceVersionDate "2004.05.04"]
[SourceQuality "1"]

1. d4 Nf6 2. Nf3 e6 3. g3 b5 4. Bg2 Bb7 5. O-O c5 6. dxc5 Bxc5 7. a4 b4 8. c3
O-O 9. Nbd2 bxc3 10. bxc3 Na6 11. Nb3 Rc8 12. Nxc5 Nxc5 13. Ba3 Qc7 14. Qd4
Rfd8 15. Rfb1 Be4 16. Rb5 d6 17. Bxc5 dxc5 18. Qe5 Qe7 19. Ne1 Rd5 20. Qf4 Bxg2
21. Nxg2 h6 22. Rab1 Qd8 23. Ne3 Rd2 24. Rb8 Kh7 25. Rxc8 Qxc8 26. Ng4 Qd8 27.
Nxf6+ gxf6 28. Qe4+ f5 29. Qe5 Rd1+ 30. Rxd1 Qxd1+ 31. Kg2 Qxa4 32. Qxc5 Qe4+
33. Kg1 a6 34. e3 Kg6 35. c4 Qb1+ 36. Kg2 Qe4+ 37. Kg1 Qb1+ 1/2-1/2

[Event "GER-ch Internet g/5'"]
[Site "Playchess.com INT"]
[Date "2004.02.29"]
[Round "6"]
[White "Aronian, Levon"]
[Black "Gustafsson, Jan"]
[Result "1-0"]
[WhiteElo "2648"]
[BlackElo "2572"]
[PlyCount "97"]
[EventDate "2004.02.29"]
[EventType "tourn (blitz)"]
[EventRounds "22"]
[EventCountry "GER"]
[EventCategory "10"]
[SourceTitle "CBM 099 Extra"]
[Source "ChessBase"]
[SourceDate "2004.05.04"]
[SourceVersion "1"]
[SourceVersionDate "2004.05.04"]
[SourceQuality "1"]

1. d4 d5 2. c4 c6 3. Nf3 Nf6 4. e3 Bg4 5. h3 Bh5 6. Nc3 e6 7. g4 Bg6 8. Ne5
Nbd7 9. h4 dxc4 10. Nxg6 hxg6 11. g5 Nd5 12. Bxc4 Be7 13. Qf3 Qc7 14. Bb3 N5b6
15. e4 Rf8 16. Bf4 Bd6 17. Be3 e5 18. Rc1 exd4 19. Nb5 Bb4+ 20. Kf1 Qe5 21.
Nxd4 Bc5 22. Rd1 O-O-O 23. Qg4 Qe7 24. h5 gxh5 25. Rxh5 Kb8 26. Nf5 Qe8 27.
Nxg7 Qe7 28. Nf5 Qe8 29. Nd6 Qe7 30. Nf5 Qe8 31. Bf4+ Ka8 32. Qe2 Rh8 33. Rxh8
Qxh8 34. Qf3 Rf8 35. Rd2 a6 36. Kg2 Ne5 37. Qc3 Ng6 38. Bg3 Qxc3 39. bxc3 a5
40. Bd6 Bxd6 41. Rxd6 a4 42. Bxf7 Nf4+ 43. Kf3 Nh3 44. g6 Ng5+ 45. Kf4 Nxf7 46.
Rf6 Kb8 47. g7 Rg8 48. Rxf7 Kc8 49. Rf8+ 1-0

[Event "GER-ch Internet g/5'"]
[Site "Playchess.com INT"]
[Date "2004.02.29"]
[Round "7"]
[White "Richter, Christian"]
[Black "Aronian, Levon"]
[Result "0-1"]
[WhiteElo "2331"]
[BlackElo "2648"]
[PlyCount "32"]
[EventDate "2004.02.29"]
[EventType "tourn (blitz)"]
[EventRounds "22"]
[EventCountry "GER"]
[EventCategory "10"]
[SourceTitle "CBM 099 Extra"]
[Source "ChessBase"]
[SourceDate "2004.05.04"]
[SourceVersion "1"]
[SourceVersionDate "2004.05.04"]
[SourceQuality "1"]

1. Nf3 Nf6 2. c4 e6 3. d4 d5 4. Nc3 dxc4 5. e3 a6 6. Bxc4 b5 7. Bb3 Bb7 8. O-O
c5 9. Qe2 Nbd7 10. Rd1 Be7 11. dxc5 Qc7 12. Bd2 Nxc5 13. Bc2 O-O 14. Rac1 Rac8
15. Bb1 Qb8 16. Nd4 b4 0-1

[Event "GER-ch Internet g/5'"]
[Site "Playchess.com INT"]
[Date "2004.02.29"]
[Round "8"]
[White "Aronian, Levon"]
[Black "Kalinitschew, Sergey"]
[Result "1-0"]
[WhiteElo "2648"]
[BlackElo "2519"]
[PlyCount "63"]
[EventDate "2004.02.29"]
[EventType "tourn (blitz)"]
[EventRounds "22"]
[EventCountry "GER"]
[EventCategory "10"]
[SourceTitle "CBM 099 Extra"]
[Source "ChessBase"]
[SourceDate "2004.05.04"]
[SourceVersion "1"]
[SourceVersionDate "2004.05.04"]
[SourceQuality "1"]

1. d4 d5 2. c4 c6 3. Nf3 Nf6 4. e3 e6 5. Bd3 Nbd7 6. O-O b6 7. Nc3 Bb7 8. e4
dxe4 9. Nxe4 Nxe4 10. Bxe4 Bd6 11. Re1 O-O 12. Qc2 h6 13. Be3 Nf6 14. c5 Bc7
15. Bd3 Nd5 16. a3 a5 17. Qe2 Qf6 18. Rac1 Rfd8 19. Bb1 bxc5 20. Rxc5 Bb6 21.
Rcc1 Nxe3 22. fxe3 Rac8 23. Ne5 Qg5 24. Qc2 c5 25. Qh7+ Kf8 26. Ng6+ fxg6 27.
Rf1+ Ke8 28. Bxg6+ Kd7 29. Qxg7+ Kd6 30. Qxb7 Rb8 31. dxc5+ Bxc5 32. Rcd1+ 1-0

[Event "GER-ch Internet g/5'"]
[Site "Playchess.com INT"]
[Date "2004.02.29"]
[Round "9"]
[White "Renner, Christoph"]
[Black "Aronian, Levon"]
[Result "0-1"]
[WhiteElo "2401"]
[BlackElo "2648"]
[PlyCount "94"]
[EventDate "2004.02.29"]
[EventType "tourn (blitz)"]
[EventRounds "22"]
[EventCountry "GER"]
[EventCategory "10"]
[SourceTitle "CBM 099 Extra"]
[Source "ChessBase"]
[SourceDate "2004.05.04"]
[SourceVersion "1"]
[SourceVersionDate "2004.05.04"]
[SourceQuality "1"]

1. e4 e5 2. Nf3 Nc6 3. Bc4 Nf6 4. d3 h6 5. O-O d6 6. c3 g6 7. d4 Qe7 8. Nbd2
Bg7 9. Re1 O-O 10. h3 Kh8 11. Nf1 Nh5 12. Ne3 Bd7 13. Nd5 Qd8 14. Be3 Ne7 15.
dxe5 Nxd5 16. Bxd5 c6 17. Bc4 dxe5 18. Bc5 Bc8 19. Bxf8 Qxf8 20. Qb3 Kg8 21. a4
Nf4 22. Rad1 Bf6 23. Rd2 g5 24. Nh2 h5 25. Red1 g4 26. hxg4 hxg4 27. g3 Nh3+
28. Kg2 Ng5 29. Rd7 Bxd7 30. Rxd7 Qh6 31. Bxf7+ Kh8 32. Qd1 Rf8 33. Bc4 Qh3+
34. Kg1 Bg7 35. Bf1 Qh5 36. Bg2 Nh7 37. Qxg4 Qh6 38. Rd1 Nf6 39. Qe2 a5 40. Nf3
Ng4 41. Nh4 Qg5 42. Bh3 Nxf2 43. Nf5 Nxh3+ 44. Kh2 Nf4 45. gxf4 exf4 46. Rh1
Rxf5 47. exf5 Qg3# 0-1

[Event "GER-ch Internet g/5'"]
[Site "Playchess.com INT"]
[Date "2004.02.29"]
[Round "10"]
[White "Aronian, Levon"]
[Black "Schmaltz, Roland"]
[Result "1-0"]
[WhiteElo "2648"]
[BlackElo "2527"]
[PlyCount "135"]
[EventDate "2004.02.29"]
[EventType "tourn (blitz)"]
[EventRounds "22"]
[EventCountry "GER"]
[EventCategory "10"]
[SourceTitle "CBM 099 Extra"]
[Source "ChessBase"]
[SourceDate "2004.05.04"]
[SourceVersion "1"]
[SourceVersionDate "2004.05.04"]
[SourceQuality "1"]

1. d4 Nf6 2. Nf3 e6 3. c4 b6 4. g3 Ba6 5. Qb3 Nc6 6. Nbd2 Bb7 7. e4 Be7 8. Bg2
O-O 9. O-O d6 10. d5 Ne5 11. Nxe5 dxe5 12. Qc2 exd5 13. exd5 Qd7 14. b3 c6 15.
dxc6 Bxc6 16. Ne4 Nxe4 17. Bxe4 f5 18. Bxc6 Qxc6 19. Bb2 e4 20. Rad1 Rae8 21.
Rd5 Bc5 22. Qc3 Qg6 23. b4 Be7 24. c5 bxc5 25. bxc5 Rc8 26. Qe5 Rf7 27. Bc1 h6
28. Be3 f4 29. Bxf4 Bxc5 30. Rxc5 Rxc5 31. Qxc5 Rxf4 32. Qxa7 Rf6 33. a4 Ra6
34. Qd4 Qc6 35. a5 Qa8 36. Re1 Rxa5 37. Rxe4 Ra1+ 38. Kg2 Ra2 39. h4 Kh8 40.
Kg1 Ra1+ 41. Kh2 Ra2 42. Re6 Ra6 43. Re7 Rf6 44. Qe3 Rf8 45. Rd7 Qf3 46. Rd2
Qf6 47. f4 Rd8 48. Re2 Rf8 49. Qe5 Qf7 50. Rc2 Re8 51. Qd6 Qf5 52. Qd2 Qf7 53.
Qf2 Qg6 54. Re2 Rxe2 55. Qxe2 Qf6 56. h5 Qf7 57. Kg2 Kg8 58. Qf3 Qa2+ 59. Kh3
Qe6+ 60. g4 Kh8 61. Kg3 Qd6 62. Qe4 Qa3+ 63. Kh4 Qf8 64. g5 hxg5+ 65. fxg5 Qf2+
66. Kg4 Qg1+ 67. Kf5 Qh2 68. Qe8+ 1-0

[Event "GER-ch Internet g/5'"]
[Site "Playchess.com INT"]
[Date "2004.02.29"]
[Round "11"]
[White "Rabiega, Robert"]
[Black "Aronian, Levon"]
[Result "0-1"]
[WhiteElo "2527"]
[BlackElo "2648"]
[PlyCount "84"]
[EventDate "2004.02.29"]
[EventType "tourn (blitz)"]
[EventRounds "22"]
[EventCountry "GER"]
[EventCategory "10"]
[SourceTitle "CBM 099 Extra"]
[Source "ChessBase"]
[SourceDate "2004.05.04"]
[SourceVersion "1"]
[SourceVersionDate "2004.05.04"]
[SourceQuality "1"]

1. e4 e5 2. Nf3 Nc6 3. Bc4 Nf6 4. d3 h6 5. O-O d6 6. c3 g6 7. Re1 Bg7 8. Nbd2
O-O 9. Nf1 Kh8 10. Ng3 Qe8 11. Bb3 Nd7 12. d4 a5 13. h3 Nb6 14. a3 Bd7 15. Be3
Ne7 16. Qd2 Kh7 17. dxe5 dxe5 18. Bc5 Na4 19. Be3 Nc8 20. h4 Nd6 21. h5 Be6 22.
Qc2 Bxb3 23. Qxb3 Qb5 24. Qc2 Nc5 25. Rad1 Qb3 26. Qe2 Ne6 27. Rd5 Nf4 28. Bxf4
exf4 29. Nf1 Rae8 30. hxg6+ fxg6 31. Qd3 Qxb2 32. e5 Nf5 33. Rxa5 Qb6 34. Rd5
Re7 35. c4 Qe6 36. Qe4 c6 37. Rdd1 g5 38. N1d2 Qg6 39. Nb3 g4 40. Nfd4 Rxe5 41.
Qd3 Rxe1+ 42. Rxe1 Nxd4 0-1

[Event "GER-ch Internet g/5'"]
[Site "Playchess.com INT"]
[Date "2004.02.29"]
[Round "12"]
[White "Bischoff, Klaus"]
[Black "Aronian, Levon"]
[Result "1-0"]
[WhiteElo "2561"]
[BlackElo "2648"]
[PlyCount "151"]
[EventDate "2004.02.29"]
[EventType "tourn (blitz)"]
[EventRounds "22"]
[EventCountry "GER"]
[EventCategory "10"]
[SourceTitle "CBM 099 Extra"]
[Source "ChessBase"]
[SourceDate "2004.05.04"]
[SourceVersion "1"]
[SourceVersionDate "2004.05.04"]
[SourceQuality "1"]

1. c4 Nf6 2. Nc3 e5 3. Nf3 Nc6 4. d3 Bb4 5. Bd2 O-O 6. e3 Re8 7. Be2 Bxc3 8.
Bxc3 d5 9. cxd5 Nxd5 10. Rc1 Qd6 11. O-O Bg4 12. Qb3 Nb6 13. a3 Rad8 14. Rfd1
Qg6 15. Qc2 Nd5 16. b4 a6 17. Bb2 Rd6 18. Nh4 Qh5 19. Bxg4 Qxg4 20. Nf3 Rg6 21.
Ne1 Rd8 22. Qc4 Qh5 23. Qe4 Rh6 24. h3 Rg6 25. Qf3 Qg5 26. Rc4 Rdd6 27. Rg4 Qd8
28. Rxg6 Rxg6 29. Rc1 Rf6 30. Qe4 Re6 31. Nf3 Nf6 32. Qc4 Qd6 33. Kf1 Re8 34.
Ke2 Rd8 35. Ne1 Nd5 36. Qe4 Nb6 37. Kf1 Qe6 38. Qf3 Qb3 39. Qe2 Na4 40. Ba1
Qxa3 41. Qc2 Qxb4 42. Rb1 Qa3 43. Rxb7 Nc5 44. Rxc7 Ne6 45. Rxc6 Qxa1 46. Qc4
a5 47. Ra6 h6 48. Qb5 Rc8 49. Qxa5 Qd1 50. Ra8 Rxa8 51. Qxa8+ Nf8 52. Qf3 Qa1
53. g3 Ne6 54. Qe2 Ng5 55. Kg2 Qa8+ 56. Nf3 Nxf3 57. Qxf3 Qd8 58. Qe4 Qd6 59.
d4 exd4 60. exd4 Qd7 61. h4 g6 62. Qe5 h5 63. d5 Kf8 64. d6 Kg8 65. Qe7 Qc6+
66. Kh2 Qf3 67. Qe8+ Kg7 68. Qe5+ Qf6 69. f4 Qxe5 70. fxe5 Kf8 71. Kg2 Ke8 72.
Kf3 Kd7 73. Ke4 Ke6 74. Kf4 f6 75. exf6 Kxf6 76. d7 1-0

[Event "GER-ch Internet g/5'"]
[Site "Playchess.com INT"]
[Date "2004.02.29"]
[Round "13"]
[White "Aronian, Levon"]
[Black "Naiditsch, Arkadij"]
[Result "1-0"]
[WhiteElo "2648"]
[BlackElo "2576"]
[PlyCount "89"]
[EventDate "2004.02.29"]
[EventType "tourn (blitz)"]
[EventRounds "22"]
[EventCountry "GER"]
[EventCategory "10"]
[SourceTitle "CBM 099 Extra"]
[Source "ChessBase"]
[SourceDate "2004.05.04"]
[SourceVersion "1"]
[SourceVersionDate "2004.05.04"]
[SourceQuality "1"]

1. d4 Nf6 2. Nf3 e6 3. c4 b6 4. g3 Ba6 5. Qb3 Nc6 6. Nbd2 d5 7. Qa4 Bb7 8. Bg2
Bd6 9. O-O O-O 10. Rd1 Qd7 11. Qc2 Nb4 12. Qb1 c5 13. cxd5 exd5 14. b3 Rac8 15.
dxc5 bxc5 16. a3 Nc6 17. Bb2 d4 18. Nc4 Bb8 19. e3 Qe7 20. exd4 Nxd4 21. Nxd4
cxd4 22. Bxb7 Qxb7 23. Bxd4 Ne4 24. h4 Rfe8 25. Qd3 h6 26. Qf3 Qb5 27. Re1 Qd5
28. Rad1 Qe6 29. Be5 Rxc4 30. Bxb8 Nd2 31. Qd3 Re4 32. Rxe4 Nxe4 33. Bxa7 Qf6
34. Qd7 Re7 35. Qd8+ Kh7 36. Qd3 Qg6 37. Bd4 f5 38. Qf3 Rd7 39. Be5 Re7 40. Bf4
Rb7 41. a4 Qe6 42. Rd3 Rb6 43. a5 Rc6 44. b4 Rc1+ 45. Bxc1 1-0

[Event "GER-ch Internet g/5'"]
[Site "Playchess.com INT"]
[Date "2004.02.29"]
[Round "14"]
[White "Zaragatski, Ilja"]
[Black "Aronian, Levon"]
[Result "1/2-1/2"]
[WhiteElo "2303"]
[BlackElo "2648"]
[PlyCount "134"]
[EventDate "2004.02.29"]
[EventType "tourn (blitz)"]
[EventRounds "22"]
[EventCountry "GER"]
[EventCategory "10"]
[SourceTitle "CBM 099 Extra"]
[Source "ChessBase"]
[SourceDate "2004.05.04"]
[SourceVersion "1"]
[SourceVersionDate "2004.05.04"]
[SourceQuality "1"]

1. e4 e5 2. Nf3 Nc6 3. Bb5 Nf6 4. O-O Nxe4 5. d4 Nd6 6. Bxc6 dxc6 7. dxe5 Nf5
8. Qxd8+ Kxd8 9. Nc3 Ne7 10. b3 Bg4 11. Ng5 Ke8 12. h3 Bf5 13. e6 fxe6 14. Re1
Nd5 15. Nxd5 cxd5 16. Nxe6 Bxe6 17. Rxe6+ Kf7 18. Re2 Bb4 19. Bd2 Bd6 20. Rae1
a5 21. a4 Rhb8 22. Bc3 b5 23. Be5 Bb4 24. c3 Bf8 25. Bxc7 Rc8 26. Be5 bxa4 27.
bxa4 Rc4 28. Rd2 Rxa4 29. Rxd5 Rc4 30. Ra1 a4 31. Rd4 Rxd4 32. Bxd4 Ke6 33. c4
a3 34. Kf1 Rd8 35. Re1+ Kf7 36. Be3 Bb4 37. Ra1 Rc8 38. c5 Ke6 39. Ke2 Kd5 40.
Kd3 Ra8 41. Kc2 Kc4 42. c6 Bc3 43. Ra2 Bb2 44. c7 Rc8 45. Bf4 Kd5 46. Rxb2 axb2
47. Kxb2 Ke4 48. Bg3 Kd3 49. Kb3 Ke2 50. Kc4 h5 51. h4 Kf1 52. Kd5 Kxg2 53. Ke6
Kf3 54. Kd7 Ra8 55. c8=Q Rxc8 56. Kxc8 Kg4 57. Kd7 g5 58. hxg5 Kxg5 59. Ke6 Kg4
60. f4 Kxg3 61. f5 h4 62. f6 h3 63. f7 h2 64. f8=Q h1=Q 65. Qg7+ Kf2 66. Qf6+
Qf3 67. Qxf3+ Kxf3 1/2-1/2

[Event "GER-ch Internet g/5'"]
[Site "Playchess.com INT"]
[Date "2004.02.29"]
[Round "15"]
[White "Mutschnik, Illya"]
[Black "Aronian, Levon"]
[Result "1-0"]
[WhiteElo "2410"]
[BlackElo "2648"]
[PlyCount "51"]
[EventDate "2004.02.29"]
[EventType "tourn (blitz)"]
[EventRounds "22"]
[EventCountry "GER"]
[EventCategory "10"]
[SourceTitle "CBM 099 Extra"]
[Source "ChessBase"]
[SourceDate "2004.05.04"]
[SourceVersion "1"]
[SourceVersionDate "2004.05.04"]
[SourceQuality "1"]

1. e4 e5 2. Nf3 Nc6 3. d4 exd4 4. Nxd4 Bc5 5. Be3 Bb6 6. Nc3 d6 7. Qd2 Nge7 8.
O-O-O O-O 9. Nxc6 bxc6 10. Be2 Rb8 11. f4 Kh8 12. g4 Ng8 13. h4 Nf6 14. g5 Ng4
15. Bxb6 Rxb6 16. Rdg1 h5 17. gxh6 Nxh6 18. f5 Qf6 19. Rg5 Bd7 20. Rhg1 Rfb8
21. b3 Rg8 22. Rh5 Kh7 23. e5 Qxe5 24. f6 Qxf6 25. Bd3+ Kh8 26. Rg6 1-0

[Event "GER-ch Internet g/5'"]
[Site "Playchess.com INT"]
[Date "2004.02.29"]
[Round "17"]
[White "Gustafsson, Jan"]
[Black "Aronian, Levon"]
[Result "0-1"]
[WhiteElo "2572"]
[BlackElo "2648"]
[PlyCount "46"]
[EventDate "2004.02.29"]
[EventType "tourn (blitz)"]
[EventRounds "22"]
[EventCountry "GER"]
[EventCategory "10"]
[SourceTitle "CBM 099 Extra"]
[Source "ChessBase"]
[SourceDate "2004.05.04"]
[SourceVersion "1"]
[SourceVersionDate "2004.05.04"]
[SourceQuality "1"]

1. Nf3 Nf6 2. c4 e6 3. Nc3 d5 4. d4 dxc4 5. e4 Bb4 6. Bxc4 Nxe4 7. O-O Nf6 8.
Qa4+ Nc6 9. Ne5 Be7 10. Nxc6 bxc6 11. Qxc6+ Bd7 12. Qf3 Rb8 13. Bb3 O-O 14. Bf4
Bd6 15. Rfd1 Qe8 16. Be5 Bc6 17. Qg3 Qe7 18. Rac1 Rfd8 19. h3 h6 20. Bxd6 Rxd6
21. Qe5 Nd7 22. Qa5 Nb6 23. Qxa7 Ra8 0-1